[Event "TUR Cup"]
[Site "Antalya"]
[Date "2019.02.01"]
[Round "9"]
[White "Ozcan, Melih"]
[Black "Uregen, Rafet"]
[Result "0-1"]
[WhiteElo "1496"]
[BlackElo "1633"]
[PlyCount "102"]
[EventDate "2019.01.27"]
[EventType "swiss"]
[EventRounds "11"]
[EventCountry "TUR"]
[SourceTitle "CBM 188 Extra"]
[Source "ChessBase"]
[SourceDate "2019.02.26"]
[SourceVersion "1"]
[SourceVersionDate "2019.02.26"]
[SourceQuality "1"]

1. d4 Nf6 2. Nf3 g6 3. c4 Bg7 4. Nc3 d6 5. Bf4 0-0 6. h3 Nbd7 7. e4 Re8 8. Qd2 Nf8 9. Bh6 Bh8 10. Rd1 c6 11. Be2 Qc7 12. Bf4 N6d7 13. 0-0 e5 14. dxe5 dxe5 15. Bh2 Ne6 16. b4 Ndf8 17. Qd6 f6 18. Qxc7 Nxc7 19. c5 Nfe6 20. Bc4 Bg7 21. Nd5 cxd5 22. exd5 Nf8 23. d6+ Nce6 24. b5 Bd7 25. Nd2 Rac8 26. Nb3 Kh8 27. Rd5 Bh6 28. Rfd1 Red8 29. Kf1 Ng7 30. Na5 Nf5 31. Nxb7 Be6 32. Nxd8 Rxd8 33. g4 Bxd5 34. Rxd5 Nd4 35. Rxd4 exd4 36. c6 d3 37. Bf7 d2 38. Ke2 Kg7 39. c7 Rc8 40. d7 Nxd7 41. Be6 Re8 42. f4 Rxe6+ 43. Kxd2 Nb6 44. a4 Re8 45. g5 fxg5 46. Bg1 Rc8 47. Kd3 Nxa4 48. Bxa7 Rxc7 49. b6 Rc3+ 50. Kd4 Rb3 51. Kc4 Rxb6 0-1

[Event "TUR Cup										"]
[Site "Antalya"]
[Date "2018.02.01"]
[Round "8"]
[White "Uregen, Rafet"]
[Black "Sahin, Doga Boran"]
[Result "1/2-1/2"]
[WhiteElo "1595"]
[BlackElo "1984"]
[PlyCount "161"]
[EventDate "2018.01.27"]
[EventType "swiss"]
[EventRounds "11"]
[EventCountry "TUR"]
[SourceTitle "CBM 182 Extra"]
[Source "ChessBase"]
[SourceDate "2018.02.23"]
[SourceVersion "1"]
[SourceVersionDate "2018.02.23"]
[SourceQuality "1"]

1. e4 e6 2. d4 d5 3. exd5 exd5 4. Nf3 Bd6 5. Bd3 Nf6 6. 0-0 0-0 7. h3 h6 8. Be3 Nc6 9. a3 Ne7 10. Ne5 Nf5 11. Qf3 Nxe3 12. Qxe3 c6 13. Nd2 Qb6 14. b4 Bxe5 15. Qxe5 Re8 16. Qf4 Bd7 17. Rfe1 a5 18. bxa5 Qxa5 19. Reb1 b5 20. Nb3 Qc3 21. Qd6 Ra4 22. Kh2 Rea8 23. Nc5 R4a7 24. Nb3 Be8 25. Qb4 Qxb4 26. axb4 Ra4 27. Na5 Rxa1 28. Rxa1 Bd7 29. Nb3 Ra4 30. c3 Ne4 31. Bxe4 dxe4 32. Re1 Ra3 33. Nc5 Bf5 34. Re3 g5 35. g4 Bg6 36. Nd7 Ra2 37. Kg3 Ra6 38. Nf6+ Kg7 39. Nxe4 Bxe4 40. Rxe4 Ra3 41. Re3 Kf6 42. Kf3 Rb3 43. Ke4 Rb2 44. f4 Ke6 45. f5+ Kd6 46. Kd3 Rh2 47. Ke4 Rf2 48. Rf3 Re2+ 49. Kd3 Rh2 50. c4 bxc4+ 51. Kxc4 Rc2+ 52. Rc3 Rh2 53. Re3 Rh1 54. Kc3 Kd5 55. Re5+ Kd6 56. Re3 Rc1+ 57. Kd2 Rc4 58. Rd3 Rxb4 59. Ke3 Kd5 60. Rd2 Rb1 61. Kf2 Rb3 62. Re2 Rb7 63. f6 Kxd4 64. Re7 Rb2+ 65. Kf3 Rb3+ 66. Kg2 Rc3 67. Rxf7 Ke5 68. Rf8 Rc2+ 69. Kg3 Rc3+ 70. Kg2 Ke6 71. f7 c5 72. Rh8 Kxf7 73. Rxh6 c4 74. Rc6 Rc1 75. h4 gxh4 76. Kh3 Rh1+ 77. Kg2 Rc1 78. Kh3 c3 79. Kxh4 c2 80. Kg5 Ke7 81. Kg6 1/2-1/2